Prisons and prisoners / (Record no. 20929)

MARC details
000 -LEADER
campo de control de longitud fija 00418nam a2200157 i 4500
001 - NÚMERO DE CONTROL
campo de control 20929
003 - IDENTIFICADOR DE NÚMERO DE CONTROL
campo de control ES-MaACL
005 - FECHA Y HORA DE LA ÚLTIMA TRANSACCIÓN
campo de control 20230906152405.0
007 - CAMPO FIJO DE DESCRIPCIÓN FÍSICA--INFORMACIÓN GENERAL
campo de control de longitud fija t|
008 - DATOS DE LONGITUD FIJA--INFORMACIÓN GENERAL
campo de control de longitud fija 021119s1845 xxk ||||1| eng d
100 1# - ENTRADA PRINCIPAL--NOMBRE DE PERSONA
Nombre de persona Adshead, Joseph.
9 (RLIN) 18487
245 10 - MENCIÓN DEL TÍTULO
Título Prisons and prisoners /
Mención de responsabilidad, etc. by Joseph Adshead.
260 ## - PUBLICACIÓN, DISTRIBUCIÓN, ETC.
Lugar de publicación, distribución, etc. London :
Nombre del editor, distribuidor, etc. G. D. A. Falkner,
Fecha de publicación, distribución, etc. 1845.
300 ## - DESCRIPCIÓN FÍSICA
Extensión XVII, 320 p. ;
Dimensiones 22 cm.
852 ## - LOCALIZACIÓN
Ubicación ES-MaACL
Número de control de estantería C-2433
Holdings
Estatus retirado Estado de pérdida Estado de daño No para préstamo Colección Biblioteca de origen Biblioteca actual Ubicación en estantería Fecha de adquisición Fuente de adquisición Total de préstamos Signatura topográfica completa Código de barras Visto por última vez Precio de reemplazo Tipo de ítem Koha
        Libros del s. XIX Biblioteca del Ateneo de Madrid Biblioteca del Ateneo de Madrid Sala Palomar 17/01/2008     C-2433 1021493 23/02/2023 23/02/2023 Libro impreso antiguo